Etsi 10 puuttuvaa maailman valtiota - Helppo - Statistics

Yleistilastot
  • Tätä visaa on pelattu 139 kertaa
    138 viimeisimmän päivityksen jälkeen
  • Keskiarvotulos 8 / 10
Vastaukset kartalla
Vastauksille on annettu kartalla punavihreä väri sen mukaan, kuinka moni on saanut sen oikein.
 
Vastaustilastot
% Oikein
Kanada
100%
Ruotsi
100%
Suomi
100%
Venäjä
100%
Argentiina
96%
Australia
96%
Brasilia
96%
Ukraina
96%
Yhdysvallat
93%
Egypti
92%
Latvia
92%
Ranska
92%
Tšekki
92%
Italia
90%
Liettua
90%
Espanja
89%
Kiina
89%
Puola
89%
Saksa
88%
Valko-Venäjä
88%
Itävalta
86%
Sveitsi
86%
Norja
85%
Turkki
85%
Unkari
85%
Etelä-Afrikka
84%
Meksiko
83%
Romania
82%
Intia
76%
Kreikka
76%
Nepal
75%
Portugali
75%
Japani
73%
Yhdistynyt kuningaskunta
73%
Slovakia
72%
Serbia
71%
Kroatia
70%
Slovenia
70%
Tanska
67%
Viro
67%
Belgia
65%
Alankomaat
63%
Thaimaa
62%
Irlanti
58%
Islanti
53%
Marokko
53%
Albania
41%
Ehtoja vastaavia visoja ei löytynyt
Tulosjakauma
Jokaisen tuloksen saaneiden osuus
Persentiili vastausten määrän mukaan
Tuloshistoriasi
Et ole pelannut tätä visaa sen viimeisimmän päivityksen jälkeen